书目信息 |
| 题名: |
系统化全域推进海绵城市建设的“光明实践”
|
|
| 作者: | ;深圳市城市规划设计研究院等 编著 | |
| 分册: | ||
| 出版信息: | 北京 中国城市出版社 2022.02 |
|
| 页数: | 13, 304页 | |
| 开本: | 26cm | |
| 丛书名: | 新时代市政基础设施规划方法与实践丛书 | |
| 单 册: | ||
| 中图分类: | TU984.265.3 | |
| 科图分类: | ||
| 主题词: | 城市建设--cheng shi jian she--城市规划--研究--深圳 | |
| 电子资源: | ||
| ISBN: | 978-7-5074-3440-8 | |
| 000 | 01519oam2 2200253 450 | |
| 001 | 011025153555 | |
| 005 | 20221025153555.0 | |
| 010 | @a978-7-5074-3440-8@dCNY75.00 | |
| 100 | @a20201004d2022 em y0chiy0120 ea | |
| 101 | 0 | @achi |
| 102 | @aCN@b110000 | |
| 105 | @aab z 000yy | |
| 106 | @ar | |
| 200 | 1 | @a系统化全域推进海绵城市建设的“光明实践”@Axi tong hua quan yu tui jin hai mian cheng shi jian she de guang ming shi jian@f深圳市城市规划设计研究院等编著 |
| 210 | @a北京@c中国城市出版社@d2022.02 | |
| 215 | @a13, 304页@c图, 地图@d26cm | |
| 225 | 2 | @a新时代市政基础设施规划方法与实践丛书@Axin shi dai shi zheng ji chu she shi gui hua fang fa yu shi jian cong shu |
| 304 | @a编著者还有:张亮、张明亮、俞露、任心欣 | |
| 330 | @a本书分为三个篇章,理论篇探讨海绵城市建设系统方案编制思路和框架体系,对“初期系统谋划、过程推进实施、后期监测评估”的各项关键技术环节进行阐述;实践篇对深圳市光明区基于海绵城市建设系统方案的实施与落地进行阐述,包括海绵城市顶层设计、规划指标落实、方案技术审查、事中巡查、竣工验收、运行维护、监测评估等海绵城市建设的全过程环节;成效篇对光明区海绵城市建设的总体成效、典范达标片区,以及部分海绵城市典范项目的全过程实施进行案例分析,并对未来海绵城市建设的方向和趋势进行了展望。 | |
| 410 | 0 | @12001 @a新时代市政基础设施规划方法与实践丛书 |
| 606 | 0 | @a城市建设@Acheng shi jian she@x城市规划@x研究@y深圳 |
| 690 | @aTU984.265.3@v5 | |
| 711 | 02 | @a深圳市城市规划设计研究院等@Ashen zhen shi cheng shi gui hua she ji yan jiu yuan deng@4编著 |
| 905 | @a河南城建学院图书馆@dTU984.265.3@eS3771 | |
| 系统化全域推进海绵城市建设的“光明实践”/深圳市城市规划设计研究院等编著.-北京:中国城市出版社,2022.02 |
| 13, 304页:图, 地图;26cm.-(新时代市政基础设施规划方法与实践丛书) |
| ISBN 978-7-5074-3440-8:CNY75.00 |
| 本书分为三个篇章,理论篇探讨海绵城市建设系统方案编制思路和框架体系,对“初期系统谋划、过程推进实施、后期监测评估”的各项关键技术环节进行阐述;实践篇对深圳市光明区基于海绵城市建设系统方案的实施与落地进行阐述,包括海绵城市顶层设计、规划指标落实、方案技术审查、事中巡查、竣工验收、运行维护、监测评估等海绵城市建设的全过程环节;成效篇对光明区海绵城市建设的总体成效、典范达标片区,以及部分海绵城市典范项目的全过程实施进行案例分析,并对未来海绵城市建设的方向和趋势进行了展望。 |
| ● |
| 相关链接 |
|
|
|
正题名:系统化全域推进海绵城市建设的"光明实践"
索取号:TU984.265.3/S3771
 
预约/预借
| 序号 | 登录号 | 条形码 | 馆藏地/架位号 | 状态 | 备注 |
| 1 | 1588517 | 215885175 | 建筑库201/201建筑库 66排1列1层/ [索取号:TU984.265.3/S3771] | 在馆 | |
| 2 | 1588518 | 215885184 | 建筑库201/201建筑库 66排1列1层/ [索取号:TU984.265.3/S3771] | 在馆 |